00902cam a22002414a 450000100090000000300120000900500170002100800410003801000170007902000150009604000120011108200170012310000170014024500400015726000450019730000360024244000350027850001180031350000200043165000470045185600750049885600870057312943298NUST - PNEC20170116181016.0020924s2002 nyua 001 0 eng  a 2002514057 a007219510X cLIBRARY00a621.3821 CAR1 aCarty, Glen.10aBroadband networking /cGlen Carty. aNew York :bMcGraw-Hill/Osborne,cc2002. axviii, 461 p. :bill. ;c24 cm. 0aNetwork professional's library aIncludes "Network professional library broadband networking" (network bluebrints and diagrams) on 8 p. of plates. aIncludes index. 0aBroadband communication systems.xEL, Comm413Table of contentsuhttp://www.loc.gov/catdir/toc/mh031/2002514057.html423Publisher descriptionuhttp://www.loc.gov/catdir/description/mh031/2002514057.html